000 00251nam a22001097a 4500
008 160518b xxu||||| |||| 00| 0 eng d
020 _a0716702495
041 _aeng
080 _a930
245 _aHistory of the earth;
_cJames Gilluly;
942 _2udc
_cBK
999 _c2176
_d2176